书目信息 |
| 题名: |
锦绣公厕
|
|
| 作者: | 石文红 主编 ;范鹏力 摄影 | |
| 分册: | ||
| 出版信息: | 北京 中国城市出版社 2017.07 |
|
| 页数: | 177页 | |
| 开本: | 23x26cm | |
| 丛书名: | ||
| 单 册: | ||
| 中图分类: | TU242.9-64 | |
| 科图分类: | ||
| 主题词: | 城市公用设施--cheng shi gong yong she shi--卫生间--建筑设计--临汾市--图集 | |
| 电子资源: | ||
| ISBN: | 978-7-5074-3099-8 | |
| 000 | 01073nam0 2200253 450 | |
| 001 | 012018000406 | |
| 005 | 20190305150953.49 | |
| 010 | @a978-7-5074-3099-8@b精装@dCNY98.00 | |
| 100 | @a20180429d2017 em y0chiy50 ea | |
| 101 | 0 | @achi |
| 102 | @aCN@b110000 | |
| 105 | @aa z 000yy | |
| 200 | 1 | @a锦绣公厕@Ajin xiu gong ce@e城市公厕设计范例图集@f主编石文红@Fzhu bian shi wen hong |
| 210 | @a北京@c中国城市出版社@d2017.07 | |
| 215 | @a177页@c彩图@d23x26cm | |
| 314 | @a本书摄影: 范鹏力 | |
| 330 | @a本书以临汾为例, 介绍公厕的设计经验, 从临汾市300多座公厕设计方案中选录了40个具有代表性的设计图例编辑成册, 旨在对推动全国公厕建设起到示范作用, 为城市规划、建设、设计、旅游、环卫等管理部门提供借鉴和参考。 | |
| 517 | 1 | @a城市公厕设计范例图集@Acheng shi gong ce she ji fan li tu ji |
| 606 | 0 | @a城市公用设施@Acheng shi gong yong she shi@x卫生间@x建筑设计@y临汾市@j图集 |
| 690 | @aTU242.9-64@v5 | |
| 701 | 0 | @a石文红@Ashi wen hong@4主编 |
| 702 | 0 | @a范鹏力@Afan peng li@4摄影 |
| 801 | 0 | @aCN@c20180813 |
| 905 | @a河南城建学院图书馆@b21355287-88@dTU242.9-64@eS542@f2 | |
| 锦绣公厕:城市公厕设计范例图集/主编石文红.-北京:中国城市出版社,2017.07 |
| 177页:彩图;23x26cm |
| ISBN 978-7-5074-3099-8(精装):CNY98.00 |
| 本书以临汾为例, 介绍公厕的设计经验, 从临汾市300多座公厕设计方案中选录了40个具有代表性的设计图例编辑成册, 旨在对推动全国公厕建设起到示范作用, 为城市规划、建设、设计、旅游、环卫等管理部门提供借鉴和参考。 |
| ● |
| 相关链接 |
|
|
|
正题名:锦绣公厕
索取号:TU242.9-64/S542
 
预约/预借
| 序号 | 登录号 | 条形码 | 馆藏地/架位号 | 状态 | 备注 |
| 1 | 1305081 | 213050810 | 建筑库101/101建筑库 67排7列5层/ [索取号:TU242.9-64/S542] | 在馆 | |
| 2 | 1355287 | 213552877 | 建筑库101/101建筑库 67排7列5层/ [索取号:TU242.9-64/S542] | 在馆 | |
| 3 | 1355288 | 213552886 | 建筑库101/101建筑库 67排7列5层/ [索取号:TU242.9-64/S542] | 在馆 |